An inquiry into the nature and causes of the wealth of nations
Đã lưu trong:
| Hovedforfatter: | |
|---|---|
| Format: | Bog |
| Sprog: | Undetermined |
| Udgivet: |
Tokyo
Charles E. Tuttle Company
1981
|
| Fag: | |
| Tags: |
Tilføj Tag
Ingen Tags, Vær først til at tagge denne postø!
|
| Thư viện lưu trữ: | Trung tâm Học liệu Trường Đại học Cần Thơ |
|---|
| LEADER | 00503nam a2200169Ia 4500 | ||
|---|---|---|---|
| 001 | CTU_78768 | ||
| 008 | 210402s9999 xx 000 0 und d | ||
| 082 | |a 330.15 | ||
| 082 | |b S642 | ||
| 100 | |a Smith, Adam | ||
| 245 | 3 | |a An inquiry into the nature and causes of the wealth of nations | |
| 245 | 0 | |c Adam Smith | |
| 260 | |a Tokyo | ||
| 260 | |b Charles E. Tuttle Company | ||
| 260 | |c 1981 | ||
| 650 | |a Classical school of economics,Economics | ||
| 980 | |a Trung tâm Học liệu Trường Đại học Cần Thơ | ||